| 000 | 00359nam a2200133Ia 4500 | ||
|---|---|---|---|
| 008 | 230917s9999||||xx |||||||||||||| ||und|| | ||
| 040 |
_e159053 _aMAIN |
||
| 041 | _aEnglish | ||
| 082 | _a570 V692P | ||
| 100 | _aVikas | ||
| 245 | 0 | _aPreparation of electrochemical bio-sensor for determination of total cholesterol in serum | |
| 300 | _a103 p. | ||
| 942 | _cTH | ||
| 999 |
_c125097 _d125097 |
||